000 00978cam a2200277 a 4500
999 _c30661
_d30661
001 17186202
005 20200820120542.0
008 120228s2012 nyu b 001 0beng
010 _a 2012005603
020 _a9781594204821
040 _aDLC
_cDLC
_dDLC
043 _af-nr---
050 0 0 _aPR9387.9.A3Z46 2012
082 0 0 _a823/.914
_aB
_223
100 1 _aAchebe, Chinua.
245 1 0 _aThere was a country :
_ba personal history of Biafra /
_cChinua Achebe.
260 _aNew York :
_bPenguin Press,
_cc2012.
300 _a333 p. ;
_c24 cm.
504 _aIncludes bibliographical references and index.
600 1 0 _aAchebe, Chinua.
650 0 _aAuthors, Nigerian
_y20th century
_vBiography.
651 0 _aNigeria
_xHistory
_yCivil War, 1967-1970
_vPersonal narratives.
906 _a7
_bcbc
_corignew
_d1
_eecip
_f20
_gy-gencatlg
942 _2lcc
_cAFRICANA